| 000 | 00704nam a2200229Ia 4500 | ||
|---|---|---|---|
| 999 |
_c20999 _d20999 |
||
| 082 | _aTM.0058 | ||
| 100 | _aMaslekar, A.R. | ||
| 245 | 0 | _aStudy of auction as a marketing mechanism for forest products : With special reference to timber and firewood in Maharashtra state | |
| 260 |
_c1981 _bGujarat University |
||
| 300 | _a272p. + C D -26 | ||
| 650 | _aFUEL///WOOD AS FUEL | ||
| 650 | _aFOREST PRODUCTS///TIMBER | ||
| 650 | _aAUCTIONS - INDIA | ||
| 650 | _aWOOD///TIMBER | ||
| 650 | _aFOREST PRODUCTS - MARKETING | ||
| 650 | _aFIREWOOD//WOOD AS FUEL | ||
| 650 | _aWOOD AS FUEL | ||
| 650 | _aTIMBER | ||
| 650 | _aFORESTS AND FORESTRY///TIMBER | ||
| 710 | _aKacker, M.P. | ||
| 942 |
_cTH _2ddc |
||